MODERN QUANTUM MECHANICS (Record no. 9400)
[ view plain ]
| 000 -LEADER | |
|---|---|
| fixed length control field | 00675nam a22001697a 4500 |
| 003 - CONTROL NUMBER IDENTIFIER | |
| control field | SGT |
| 020 ## - INTERNATIONAL STANDARD BOOK NUMBER | |
| International Standard Book Number | 9789332519008 |
| 082 ## - DEWEY DECIMAL CLASSIFICATION NUMBER | |
| Classification number | 530.12,SAK |
| 100 ## - MAIN ENTRY--PERSONAL NAME | |
| Personal name | SAKURAI,J.J |
| 245 ## - TITLE STATEMENT | |
| Title | MODERN QUANTUM MECHANICS |
| 250 ## - EDITION STATEMENT | |
| Edition statement | 2ND |
| 260 ## - PUBLICATION, DISTRIBUTION, ETC. (IMPRINT) | |
| Place of publication, distribution, etc | NEW DELHI |
| Name of publisher, distributor, etc | PEARSON |
| Year of Publication | 2014 |
| 300 ## - PAGE DESCRIPTION | |
| No. of Pages | 520 |
| 650 ## - SUBJECT ADDED ENTRY--TOPICAL TERM | |
| Topical term or geographic name as entry element | QUANTUM MECHANICS |
| 653 ## - KEYWORDS--INDEX TERM | |
| Keyword term | 1. FUNDAMENTAL CONCEPTS 2. QUANTUM DYNAMICS 3. THEORY OF ANGULAR MOMENTUM 4. SYMMETRY IN QUANTUM MECHANICS 5. APPROXIMATION METHODS 6. SCATTERING THEORY 7. IDENTICAL PARTICLES 8. RELATIVISTIC QUANTUM MECHANICS APPENDICES A. ELECTROMAGNETIC UNITS B. BRIEF SUMMARY OF ELEMENTARY SOLUTIONS TO SHRÖDINGER'S WAVE EQUATION |
| 942 ## - ADDED ENTRY ELEMENTS (KOHA) | |
| Source of classification or shelving scheme | Dewey Decimal Classification |
| Koha item type | FPS Books |
| Withdrawn status | Lost status | Source of classification or shelving scheme | Damaged status | Not for loan | Collection code | Home library | Current library | Shelving location | Date acquired | Vendor Name | Cost, normal purchase price | SGTU | Bill Number | Total Checkouts | Full call number | Accession No. (Barcode) | Date last seen | Bill Date | Koha item type |
|---|---|---|---|---|---|---|---|---|---|---|---|---|---|---|---|---|---|---|---|
| Dewey Decimal Classification | SCIENCE | SGT Science & Social Sciences Library | SGT Science & Social Sciences Library | Text Book | 01/07/2016 | AHUJA BOOK | 799.00 | SGTU | 6680 | 530.12,SAK | PS1462 | 01/07/2016 | 03/03/2016 | FPS Books | |||||
| Dewey Decimal Classification | Not For Loan | SCIENCE | SGT Science & Social Sciences Library | SGT Science & Social Sciences Library | Reference Book | 01/07/2016 | KRITI PRAKASHAN | 799.00 | SGTU | 2947 | 530.12,SAK | PS924 | 01/07/2016 | 19/09/2015 | FPS Books | ||||
| Dewey Decimal Classification | SCIENCE | SGT Science & Social Sciences Library | SGT Science & Social Sciences Library | Text Book | 01/07/2016 | KRITI PRAKASHAN | 799.00 | SGTU | 2947 | 530.12,SAK | PS925 | 01/07/2016 | 19/09/2015 | FPS Books |